000 00369nam a2200145 i 4500
001 bg
100 1 _aZIMMERMANN, Roman
245 0 _aPółprzewodnikowe diody specjalne /
_cR. Zimmermann, Z. Kochlicki.
260 _aWarszawa,
_c1965.
700 1 _aKOCHLICKI, Zdzisław
040 _cBPK
041 _apol
942 _cKS
008 s pl f |000 0 pol
999 _c10563
_d10563
856 _uhttp://koha.tu.koszalin.pl/cgi-bin/koha/opac-detail.pl?biblionumber=10563
_yKatalog online BPK